000 00826nam a2200229Ia 4500
003 GCL
008 140319s9999 xx 000 0 ara d
020 _a4045350857
040 _aGCL /
_cGCL
082 0 4 _a382.0951
_bج ا
100 1 _aفو، فريدة وانغ
245 1 0 _aالاعمال التجارية الصينية /
_cفو، فريدة وانغ
700 1 _aجيون، ماكه ولى
260 _aالصين :
_bدار النشر الصينية عبر القارات ،
_c2004
300 _a456 ص ؛
_c24 سم
650 0 4 _aالصين
650 0 4 _aالصين - الاحوال الاقتصادية
650 0 4 _aالصين - التجارة الخارجية
650 0 4 _aالملكية الفكرية - الصين
650 0 4 _aالاستثمارات الاجنبية - الصين
942 _2ddc
_cBK
999 _c9039
_d9039